| 000 | 00375 a2200145 4500 | ||
|---|---|---|---|
| 001 | 167847 | ||
| 020 | _a | ||
| 040 | _cMagnum | ||
| 100 | _aBracht, Valter | ||
| 240 | 1 | 0 |
_aEducacao fisica e ciencia: cenas de um casamento (in)feliz _lpor |
| 245 | 1 | 0 | _aEducacao fisica e ciencia: cenas de um casamento (in)feliz |
| 362 | 0 | _a1899 | |
| 697 | _aEDUCACAO FISICA | ||
| 942 | _cBK | ||
| 999 |
_c167847 _d167847 |
||